01147nam a22002537i 4500999001700000003000900017008004100026020002200067040007100089082002300160100001800183245007900201260004800280300003400328505016400362650002500526650002800551650004300579856002500622942001600647945002100663952011100684952009800795  c23612d23612AR-CdUCM260421b20202020mx ||||| |||| 00| 0 spa d  a978-607-538-613-3  aMUNICIPALIDAD PROVINCIAL DEL CUSCOcBIBLIOTECA MUNICIPAL DEL CUSCO  2    a330.122bT73  aTorres, Jordi  aPython Deep Learnimg :bIntroducción practica con Keras y TensorFlow 2 /  aMexico.bAlfa Omega Grupo Editor S.A.c2020  a384 páginas. :c23x17 cm. :  aEntorno de trabajo -- Como se entrena una red neuronal -- Redes neuronales convoluciones -- Etapas de un proyecto Deep learning -- Redes neuronales recurrentes  aDeep learning952610  aRedes neuronales952063  aparametros e hiperparámetros 952611  fwww.alfaomega.com.mx  2ddccLIBROS  apbjrd21-04-2026  002ddc4070aSHbSHcCARTd2026-04-21eDonacióng30.00o330.122 / T73pSH0000017090r2026-04-21yLIBROS  002ddc4070aSHbSHcCARTd2026-04-21o330.122 / T73 / e.2pSH0000017091r2026-04-21yLIBROS